Qāfilah-yi sak̲h̲t jān̲. (Record no. 67240)

MARC details
000 -LEADER
fixed length control field 00604cam a22002411 4500
001 - CONTROL NUMBER
control field sa 66000416
003 - CONTROL NUMBER IDENTIFIER
control field DLC
005 - DATE AND TIME OF LATEST TRANSACTION
control field 20260227112215.0
008 - FIXED-LENGTH DATA ELEMENTS--GENERAL INFORMATION
fixed length control field 890918s1965 pk 000 0 urdr
010 ## - LIBRARY OF CONGRESS CONTROL NUMBER
LC control number sa 66000416
035 ## - SYSTEM CONTROL NUMBER
System control number (OCoLC)20362436
040 ## - CATALOGING SOURCE
Original cataloging agency DLC
Transcribing agency WaU
Modifying agency DLC
042 ## - AUTHENTICATION CODE
Authentication code premarc
043 ## - GEOGRAPHIC AREA CODE
Geographic area code a-pk---
050 00 - LIBRARY OF CONGRESS CALL NUMBER
Classification number JQ559.A54
Item number G55
100 1# - MAIN ENTRY--PERSONAL NAME
Personal name Gilani, Asad,
Dates associated with a name 1922-
245 10 - TITLE STATEMENT
Title Qāfilah-yi sak̲h̲t jān̲.
260 ## - PUBLICATION, DISTRIBUTION, ETC.
Date of publication, distribution, etc. [1965]
300 ## - PHYSICAL DESCRIPTION
Extent 400 p.
Dimensions 18 cm.
500 ## - GENERAL NOTE
General note In Urdu.
500 ## - GENERAL NOTE
General note Text partially vocalized.
610 20 - SUBJECT ADDED ENTRY--CORPORATE NAME
Corporate name or jurisdiction name as entry element Jamāʻat-i Islāmī-yi Pākistān.

No items available.

Powered by Koha